1136 1853 1901 1697 1773 1935 1984 1846 1414 1828 1951 1784 1990 1600 1345 1060 1452 1925 1881 1980 1995 1099 1054 1355 1974 1072 1114 1020 1942 1017 1193 1770 1990 1998 1315 1523 1891 1287 1568 1413 1826 1466 1342 1043 1106 1572 1138 1945 1035 1999 1919 1660 1145 1754 1590 1255 1652 1356 1207 1279 1460 1614 1192 1727 1501 1577 1247 1229 1183 1106 1149 1189 1082 1797 1945 1605 1928 1003 1778 1346 1456 1698 1160 1096 1911 1117 1564 1862 1852 1938 1736 1202 1762 1782 1937 1818 1051 1096 1443 BCNSPRNW ULIB Ver.6.0+V

เปลี่ยนเป็นภาษาไทย

Change to English
 แสดงรายละเอียดบรรณานุกรม
  กลับหน้าหลัก

Brief Record : Get Marc (ISO 2709) : E-mail record : QR code < ปิดหน้าต่าง
LEADER : 00000nam 2200000uu 4500
001    13399111020
003     ULIB
008    110615s||||||||th 000 0 tha d
020    9789748072593 (ล.1)
050  4 AG5^bB862 ล.1 2551
245 00 Britannica concise encyclopedia ภาคภาษาไทย /^cEncyclopedia Britannica
246 33 สารานุกรม Britannica concise encyclopedia ภาคภาษาไทย
250    พิมพ์ครั้งที่ 1
260    กรุงเทพฯ :^bบริษัทมีเดีย เม็กแน็ท :^bบริษัทมีเดียเอกซเพอร์ทีส อินเตอร์เนชั่นแนล (ประเทศไทย),^c2551
300    3 เล่ม :^bภาพประกอบ (ภาพสีบางภาพ), แผนที่ ;^c30 ซม.
505 0  ^gล. 1^tA-F -- ^gล. 2^tG-O -- ^gล. 3^tP-Z (ดัชนี)
650  7 สารานุกรม
710 2  บริษัทมีเดีย เม็กแน็ท
710 2  บริษัทมีเดีย เอกซเพอร์ทีส อินเตอร์เนชั่นแนล (ประเทศไทย)
710 2  Encyclopaedia Britannica
945    ^p4085^l0^i026633
995    ทศพร
999 ^a ใช้งานได้ทุกระบบ
รายการนี้ยังไม่มีแท็ก
คุณยังไม่ได้ล็อกอิน คุณสามารถมีกิจกรรมร่วมกับเว็บไซต์ได้ แต่ต้องล็อกอินก่อน ::
  ล็อกอิน

รายการสื่อสารสนเทศ

ลำดับที่ ประเภท เลขเรียก/บาร์โค้ด สถานที่ สถานะ
- ไม่พบข้อมูล -

รายการใกล้เคียง
    หัวเรื่อง [สารานุกรม]

BibComment


ยังไม่เคยถูกคอมเมนท์

คอมเมนท์ทรัพยากรรายการนี้
  คอมเมนท์: Britannica concis..


 Copyright 2026. Bcnsprnw @Library